Ofrenda de una patena a la Basílica de Montserrat
Descripción Física:
Il·lustracions
Colección:
San Jorge,
; núm. 6 (abril 1952), pàg 69
Materias:
Montserrat (Monestir)
; Congrés Eucarístic Internacional -- (35è : -- 1952 : -- Barcelona, Catalunya)
; Patena -- Barcelona (Província)
Idioma:
Español
MARC
| LEADER | 00000naa a2200000 a 4500 | ||
|---|---|---|---|
| 003 | Arxiu | ||
| 005 | 20260324181025.0 | ||
| 008 | 160829s1952 spcaxx s spa c | ||
| 040 | |a agdb | ||
| 245 | 0 | 0 | |a Ofrenda de una patena a la Basílica de Montserrat |
| 300 | |b Il·lustracions | ||
| 490 | |a San Jorge, |v núm. 6 (abril 1952), pàg 69 | ||
| 610 | 2 | 0 | |9 54252 |a Montserrat (Monestir) |
| 611 | 0 | |a Congrés Eucarístic Internacional |n (35è : |d 1952 : |c Barcelona, Catalunya) |9 54589 | |
| 650 | 0 | |a Patena |9 54696 |z Barcelona (Província) | |
| 710 | 1 | |9 54218 |a Barcelona (Catalunya : Província). |b President (1949-1967 : Buxó de Abaigar) | |
| 773 | |g núm. 6 (abril 1952), pàg 69 |t San Jorge. | ||
| 901 | |a Arxiu | ||
| 942 | |n 1 |2 udc |c ART | ||
| 952 | |0 0 |1 0 |4 0 |7 1 |9 64237 |a Arxiu |b Arxiu |d 2022-11-21 |o Rev-508 |r 2022-11-21 00:00:00 |w 2022-11-21 |y ARXIU |z També disponible a Rev-521 | ||
| 999 | |c 43981 |d 43981 | ||